00799nai a2200193Ia 4500003000900000008004100009022002200050022002300072040001600095245007900111260008600190310001200276362002600288521006900314650005800383650003000441650004600471856008800517IN-BaIIA211028c9999 xx s 000 0 eng d a1051-8215 (Print) a1558-2205 (Online) cIIA Library 0aIEEE Transactions on Circuits and Systems for Video Technologyh[eJournal] aNew York, USAbThe Institute of Electrical and Electronics Engineers, Inc. (IEEE) aMonthly a1(1); 1991 - Present  bSubscribed through National Knowledge Resource Consortium (NKRC) a Communication, Networking and Broadcast Technologies a Computing and Processing aComponents, Circuits, Devices and Systems uhttps://ieeexplore.ieee.org/servlet/opac?punumber=76yClick Here to Access eJournal